Statistiques concernant 10 questions sur une ville française #11 : SAINT-BRIEUC

Cliquez ici pour prendre le quiz!

Statistiques générales

  • Ce quiz a été pris 97 fois
  • Le résultat moyen est 6 sur 10

Statistiques - réponses

QuestionRéponse% Correct
Comment se nommait le moine fondateur de la ville ?Brieuc
94%
Combien Saint-Brieuc compte-t-elle d'habitants ? (à 10 000 près)45 105
86%
Quelle étendue d'eau se présente au nord-est de Saint-Brieuc ?La Manche
81%
Comment appelle-t'on un habitant de Saint-Brieuc ?Un Briochin
81%
Quelle est sa superficie ? (à 10 km² près)21,88 km²
74%
Quel est le nom breton de la ville ?Sant-Brieg
43%
Quelle est selon l'immatriculation des navires le code pour la ville de Saint-Brieuc ?SB
43%
Quel fleuve se jette dans la mer à Saint-Brieuc ?Le Gouët
28%
Avec les secteurs Nord, Sud et Ouest, quel secteur fait partie de la ville ?Le secteur Centre
26%
Quel classement occupe-t-elle en termes d'habitants en France ?149ème
19%

Distribution des résultats

Percentile par nombre de réponses

% des personnes avec chaque résultat

Votre développement - résultats

Vous n’avez pas pris ce quiz